How democracies perish
সংরক্ষণ করুন:
| প্রধান লেখক: | |
|---|---|
| বিন্যাস: | পাঠ্য |
| প্রকাশিত: |
New York:
Grasset & Fasquelle
|
| ট্যাগগুলো: |
ট্যাগ যুক্ত করুন
কোনো ট্যাগ নেই, প্রথমজন হিসাবে ট্যাগ করুন!
|
MARC
| LEADER | 00000 a a2200000 04500 | ||
|---|---|---|---|
| 001 | 24801 | ||
| 003 | |||
| 040 | |||
| 020 | |a 0-385-19120-0 | ||
| 022 | |a 0-385-19120-0 | ||
| 090 | |a 174700 | ||
| 100 | |a Revel, Jean Francois | ||
| 245 | |a How democracies perish | ||
| 260 | |a New York: |b Grasset & Fasquelle | ||
| 300 | |a 376 p. | ||
| 999 | |c 6605 |d 6605 | ||



